Skip to content
VuFind
All Fields
Title
Author
Subject
Call Number
ISBN/ISSN
Tag
Find
Advanced
ZARISDA
Cite this
Print
Export Record
Export to RefWorks
Export to EndNoteWeb
Export to EndNote
Export to MARC
ZARISDA
Bibliographic Details
Format:
Book
Holdings
Description
Similar Items
Staff View
MARC
LEADER
00000cam a2200000 7i4500
001
0000009571
005
20030702.0
008
030702n
020
|a
9839216740
090
0
0
|a
BF YUS
245
0
0
|a
ZARISDA
999
|a
185706
|b
Buku
|c
Rak Terbuka
|e
Perbadanan Perpustakaan Awam Melaka
Similar Items
Zarisda
by: Yusnita Yahya
Published: (2001)
Zek,Kiah,Zah,Zakiah
by: Yusnita Yahya
Published: (2001)